000 00858nam a2200241Ia 4500
999 _c43621
_d43621
003 GCL
005 20240530103937.0
008 140319s9999 xx 000 0 ara d
040 _aGCL /
_cGCL
082 0 4 _a239
_bإ س
100 1 _aابن هشام ابى محمد عبدالملك
245 1 0 _aالسيرة النبوية لابن هشام /
_cابن هشام ابى محمد عبدالملك
250 _aالثانية
260 _aالقاهرة :
_bدار المنار للنشر والتوزيع ،
_c1993
300 _a654 ص ؛
_c24 سم
650 0 4 _aالسيرة النبوية
650 0 4 _aالاسراء والمعراج
650 0 4 _aالسيرة النبوية - اهل البيت
700 0 _aمصطفى السقا
700 0 _aابراهيم الابيارى
700 0 _aعبدالحفيظ شلبى
942 _2ddc
_cBK